Madagascar pour les touristes... - Statistiques

Statistiques générales
  • Ce quiz a été pris 91 fois
  • Le résultat moyen est 12 sur 20
Statistiques - réponses
Question Indice Réponses % Correct
Quelles sont les langues officielles ? Français
98%
Quelles sont les langues officielles ? Malgache
98%
Ce pays est plus grand que la France (oui/non) Oui
93%
Le principal aéroport est A Antananarivo
89%
Quel pays a accordé son indépendance à celui-ci ? France
89%
Quels est le climat local ? T Tropical
82%
Quelle est la monnaie ? Ariary
81%
Dans la capitale quel est le décalage horaire avec Paris ? (+ ou - et chiffre) ex - 10 + 1
77%
Achats à faire 2/ Objets en corne de zébu
73%
La religion majoritaire est Christianisme
66%
Quel est le régime du pays ? République
63%
Quelles sont les principaux lieux touristiques ? S Allée des {baobabs}
60%
Quelles sont les principaux lieux touristiques ? A Ile de {Nosy Be}
57%
Le suffixe internet est mg
49%
Quelles sont les principaux lieux touristiques ? O Parc national de l'{Isalo}
43%
Achats à faire 3/ Etoffes en Soie
29%
Achats à faire 4/ Papier Antemoro
27%
Code sur les plaques minéralogiques RM
12%
Achats à faire 1/ Sculpture de Ambositra
10%
Achats à faire 5/ Objets en fibres Vannerie
5%
Aucun quiz correspondant
Distribution des résultats
% des personnes avec chaque résultat
Percentile par nombre de réponses
Votre historique - résultats
Vous n’avez pas pris ce quiz